000 00601nam a22002177a 4500
003 OSt
005 20210423063609.0
008 210218s1982 ||||| |||| 00| 0 eng d
020 _a0345294785
040 _aeng
_beng
_cDLC
041 _aeng
080 _a821.111
_bB-96
100 _9911
_aBurroughs, Rice. Edgar
245 _aJungle Tales of Tarzan
_c/ by: Ballantine Books
260 _aNew York
_bBallantine Books
_c1982
300 _a191 p.
365 _b1.95 usd
650 0 _9254
_aEnglish literature
653 _aინგლისური ლიტერატურა
942 _2udc
_cBK
999 _c1523
_d1523